[Event "XI Memorial Guillermo Garcia"]
[Site "CXC"]
[Date "2003.05.29"]
[Round "8"]
[White "MI Luis Coelho"]
[Black "GM Heikki Kallio"]
[Result "0-1"]
[WhiteElo "2409"]
[BlackElo "2470"]
[Annotator "Ruy Lopez - Smyslov"]
[PlyCount "148"]

{Esta partida foi jogada pela 8a rodada do Memorial Guillermo Garcia, em Maio de 2003, em Santa Clara - Cuba. Meu adversario demonstrava boa forma e liderava o torneio com 5/7, e acabou se sagrando vice-campeao com 8/12, fazendo a mesma pontuacao do GM cubano Walter Arencibia, mas perdendo nos criterios de desempate (Arencibia derrotou Kallio no confronto direto).}
1. e4 e5 2. Nf3 Nc6 3. Bb5 a6 4. Ba4 Nf6 5. O-O Be7 6. Re1 b5 7. Bb3 d6 8. c3
O-O 9. h3 h6
{A Variante Smyslov. Esta jogada nao e muito popular atualmente e tem a reputacao de ser muito solida, mas ligeiramente passiva.}
10. d4 Re8 11. Nbd2 Bf8 12. Nf1 Bd7 (
{Naturalmente as negras nao podem ganhar um peao com} 12... exd4 $6 13. cxd4
Rxe4 $4 14. Rxe4 Nxe4 15. Bd5 Qe8 16. Qc2 $18 {e as brancas ganham uma peca.}) (
{Tambem e possivel} 12... Bb7) 13. Ng3 Na5 14. Bc2 Nc4 15. a4 c5 16. b3 Na5 (
16... Nb6 17. a5 Nc8 18. d5 $14) 17. d5 $14
{Este lance deixa o cavalo negro mal colocado em 'a5' e garante uma ligeira vantagem pras brancas.}
17... bxa4
{Kallio quer abrir linhas no flanco-dama, para justificar a posicao do seu cavalo em 'a5', mas nao esta claro que a abertura da coluna 'b' e favoravel as negras.}
18. bxa4 Qc7 19. Nd2 $1
{A ideia e ocupar a casa 'c4' com um cavalo apos a manobra Nf1-Nd2-Nc4. Se as negras tomam a posicionalmente arriscada decisao de avancar seu peao a 'c4' entao este peao se tornara uma debilidade.}
19... c4 20. Ba3 Rec8 21. Bb4 g6 $5
{Apos uma longa reflexao Kallio decide nao se defender passivamente no flanco-dama e busca contrajogo no flanco-rei. Sua ideia e responder a manobra Nf1-Ne3 com Nh5-Nf4-Qd8-Qg5.}
22. Ngf1 (
{Tambem considerei manter meu cavalo em 'g3' por mais algum tempo para atrasar a manobra das negras e enquanto isso reforcar minha posicao no flanco-dama com Qc1-Qa3, mas tive o 'feeling' que, apos} 
22. Qc1 h5 23. Qa3 h4 24. Ngf1 Nh5 25. Ne3 Nf4
{minha dama estaria um pouco longe da defesa do meu rei.}) 22... Nh5 23. Ne3
Nf4 24. Ra3 {Preparando Bxa5-Ndxc4.} 24... h5 25. h4 $1
{Este lance impede que as negras ganhem mais espaco no flanco-rei e cria temas de g2-g3, tornando instavel a posicao do cavalo negro em 'f4'.}
25... Rab8 26. Bxa5 Qxa5 27. Ndxc4
{As brancas ganham um peao, mas para isso tiveram abrir mao de seu forte bispo de casas pretas. O GM finlandes agora finalmente pode proceder com seu ataque no flanco-rei.}
27... Qd8 28. g3 Qf6 $1
{Essa era a ideia de Kallio desde o inicio dos tempos. Aqui pensei por um largo tempo, 28 minutos para ser mais preciso, porque nao conseguia encontrar uma refutacao concreta para o plano das negras. Se 29.gxf4 exf4 as negras recuperam o cavalo e o rei branco se torna exposto. Ao mesmo tempo, ele tem a terrivel ameaca de Nh3+. Se eu defendo com 29.Rf1 ele pode jogar 29...Bh3 30.Re1 Bd7, com empate por repeticao de lances. Outra variante que me atormentava era 29.Qf3 Rxc4! 30. Nxc4 Bg4 31.Qe3 Bh6! 32.gxf4 Bxf4 33.Qa7 Qxh4 34.Qxb8+ Kg7 com mate em 3 lances. Finalmente, se 29.Qd2 Bh6! e as brancas tem tudo cravado, a ameaca imediata sendo 30...Rxc4! 31.Nxc4 Nh3+. A ideia defensiva que eu encontrei no tabuleiro e muito forte e deveria ter sido suficiente para me garantir a vitoria na partida.}
29. Rf1 $3 (29. Qd2 $6 Bh6 $40) (29. Qf3 $2 Rxc4 30. Nxc4 Bg4 31. Qe3 Bh6
32. gxf4 Bxf4 33. Qa7 Qxh4 34. Qxb8+ Kg7 $19) (29. gxf4 $6 exf4 $36) 29... Bh3
30. Rb3 $1
{O complemento do lance anterior. As brancas entregam a qualidade, mas o cavalo negro em 'f4' ficara sem casas, podendo entao ser capturado quando o jogador das brancas achar adequado. Ademais, apos a troca de um par de torres seguido de a5-Nb6, a torre negra restante sera enclausurada e completamente inutilizada pelo cavalo branco.}
30... Bxf1 31. Qxf1 Rxb3 32. Bxb3 $18 Qe7 33. Nc2 $1 a5 34. N2a3 Rc5
{Neste momento tanto eu quanto Heikki temos apenas alguns poucos minutos no relogio e estamos praticamente por conta dos 30 segundos de incremento por jogada. Eu sabia que estava completamente ganho e,pra ser bem sincero, esperava o abandono do meu adversario a qualquer momento. O tenso ambiente que pairava sobre o tabuleiro, aliados ao meu apuro de tempo, a ansiedade de converter minha vantagem em vitoria e minha total inexperiencia em eventos deste porte provocaram em mim um enorme e incomum nervosismo, o que culminou em minha inacreditavel derrota. O GM finlandes, por outro lado, apesar de ser bastante jovem (23 anos), e um jogador com grande experiencia internacional, certamente ja viveu situacoes semelhantes contra varios GM's ao redor do mundo (Kallio coleciona vitorias sobre GMs como Alexander Beliavsky, Yuri Yakovich, Ferenc Berkes e Hikaru Nakamura), e acredito que isso o ajudou a manter uma postura impressionantemente fria e calma para um jogador que possui uma posicao tao perdida. O resultado deste cenario foi, para mim, tao doloroso quanto merecido: no lance 48, um Kallio totalmente concentrado precisou de apenas 30 segundos para encontrar o golpe tatico mais astuto que eu ja presenciei em toda a minha vida em ritmos Blitz, conseguiu um xeque-perpetuo e salvou meio ponto. Totalmente incredulo com o que havia acontecido e sem querer aceitar o empate de nenhuma maneira (uma postura lamentavel), recusei a repeticao e dentro de alguns lances fui forcado a abandonar. Observem, admirem e aprendam:}
35. gxf4 exf4 36. Qd3 Qxh4 37. Qf3 Qg5+ 38. Kf1 Qd8 39. Qxf4 Qd7 40. Kg2 Be7
41. Nb5 h4 42. Qf3 Bf8 43. Qh3 Qd8 44. Qg4 Qf6 45. Qf3 Qd8 46. Qf4 Qb8 47. Nxa5
h3+ $5 48. Kh1
{Apos este lance as brancas continuam ganhas, mas estao obrigadas a encontrar complicadas variantes taticas com apenas segundos no relogio. Eu confesso que a ideia maligna de Kallio jamais sequer atravessou minha mente.} (
{Garantia a vitoria o simples} 48. Kh2 Bg7 49. Qg3 Be5 50. f4 $18
{e as negras devem abandonar.}) (48. Kxh3 $2 Rxb5 $1 49. axb5 (49. Nc6 $4 Qc8+
$19) 49... Qxb5 $16) ({Tambem ganhava facilmente} 48. Kf3 {por exemplo:}
48... Rxb5 49. Nc6 Rxb3 50. Nxb8 Rxb8 51. Kg3 Ra8 52. e5 dxe5 53. Qc4 Kg7
54. Qc6 $18) 48... Rxb5 $3
{A dupla exclamacao vai pela brilhante ideia encontrada em tao pouco tempo e sob pressao, e nao para a qualidade do lance em si. As brancas continuam completamente ganhas.}
49. Nc6 Qa8 50. axb5 Qa1+ 51. Kh2 Qf1 52. Qf3 Bh6 $3
{Ameacando Bf4+, ganhando.} 53. Kg3 $4 (
{Ao voltar indignado ao meu quarto de hotel, resolvi ligar o laptop e ver o que Fritz achava da posicao antes de me atirar pela janela, e o programa imediatamente encontrou o salvador} 
53. Ne7+ $1 Kg7 (53... Kf8 54. Nxg6+ Ke8 55. Nh4 Bf4+ 56. Qxf4 $18) (53... Kh7
54. Qxf7+ Bg7 55. Qxg6+ Kh8 56. Qh5+ $18) (53... Kh8 54. Qf6+ Bg7 55. Qh4+ $18)
54. Kg3 $1 Bf4+ 55. Kxf4 h2 56. Nf5+ $3 gxf5 (56... Kf8 57. Ng3 $18) 57. Qg3+
Kf8 58. Qxh2 $18) 53... Bf4+ $3 54. Kxf4 h2
{E nao se pode impedir a coroacao do peao 'h'. Entretanto, a posicao avancada do peao 'b' ainda garante o empate para as brancas.}
55. b6 Qc1+ $1 (55... h1=Q $4 56. Qxh1 Qxh1 57. b7 $18) 56. Kg3 (56. Kg4 h1=Q
57. Qxh1 Qxh1 58. b7 Qg2+ 59. Kf4 Qxf2+ $11) 56... Qg1+ 57. Kf4 Qc1+ 58. Kg3
Qg1+ 59. Qg2
{Agora as negras coroam seu peao com xeque em seguida. A posicao ainda e de empate, mas agora e o branco que tem que tomar cuidado onde pisa.}
59... h1=Q 60. Qxg1 Qxg1+ 61. Kf3 Qh1+ 62. Ke3 $4 (
{Eu tinha que ter aceitado o empate com} 62. Kg3 Qg1+ 63. Kf3 $11) 62... Qe1+
$1 {Agora sao as negras quem vencem.} 63. Kd3 Qf1+ 64. Ke3 Qb5 65. Nd4 Qxb6
{As brancas ainda poderiam tentar criar uma posicao de resistencia com 66.f3, e manter seu rei perto do peao de 'c3', a unica debilidade branca, mas as negras ainda devem vencer penetrando com seu rei em 'e3'.}
66. f4 $2 Kg7 $19 {O resto da partida nao tem interesse algum.} 67. Kd3 Qb8
68. Ke3 Qc8 69. Ne2 Qh3+ 70. Kd2 f6 71. Bd1 g5 72. fxg5 fxg5 73. Nd4 Kf6
74. Nf5 Ke5
{Uma dura lica o, que me fez compreender da pior maneira possivel que o xadrez pratico nao se trata apenas de quem joga melhor e encontra os melhores lances, mas tambem de quem consegue controlar os seus nervos e manter o nivel de concentracao em situacoes sob pressao. Meritos tambem para o GM finlandes, cuja ideia iniciada no lance 48 ate hoje causa minha enorme admiracao toda vez que eu vejo esta partida.}
0-1

[Event "Magistral de Leon"]
[Site "CXC"]
[Date "2004.06.06"]
[Round "1"]
[White "Svidler, Peter"]
[Black "Shirov, Alexei"]
[Result "0-1"]
[WhiteElo "2733"]
[BlackElo "2713"]
[EventDate "2004.06.06"]
[Annotator "GM Mikhail Golubev"]
[PlyCount "26"]
[Source "Chess Today"]
[SourceDate "2004.06.07"]

{Nao e muito comum que um jogador entre os melhores do mundo, jogando com as brancas, perca para outro top do mundo em apenas 13 lances; mesmo em uma partida relampago! Por isso nos somos mais ou menos forcados a mostrar como isto aconteceu.}
1. e4 e6 $5
{Shirov nao e tido como um grande admirador da Defesa Francesa para as pretas, mas ele a usa de vez em quando.}
2. d4 d5 3. e5
{A variante do avanco e uma escolha bastante popular entre os modernos grandes mestres. As brancas ainda estao bem!}
3... c5 4. c3 Qb6 5. Nf3 Bd7 6. Be2 Bb5
{A troca do Bispo de casas claras e estrategicamente preferivel para as pretas, por isso elas nao temem perder um tempo para preparar esta troca.}
7. dxc5 $5 {Nao e um lance novo, mas tambem nao e comum.} ({A jogada} 7. O-O
{permite que o segundo jogador prossiga o seu plano (o jogo nas casas claras) por meio de}
7... Bxe2 8. Qxe2 Qa6 $5) ({por outro lado} 7. c4 $5
{e uma aguda e interessante alternativa.}) 7... Bxc5 8. b4 Bxf2+ 9. Kf1
{As brancas sacrificaram um Peao, mas o Bispo em f2 esta correndo perigo. Em situacao tao tensa, qualquer erro - de qualquer um dos lados - pode ser fatal.}
9... Bd7 $146 {Naturalmente, nao 9...Bxe2? 10.Dxe2 e o Bispo nao tem volta.} (
{E possivel encontrar algumas partidas jogadas anteriormente (entretanto, disputadas por jogadores nao muito conhecidos), nas quais as pretaspreferiram} 
9... Bc6
{- este lance e bastante logico, pois e provavel a abertura da diagonal h1-a8.})
10. Qd2 {As brancas criam a ameaca 11.Bd3.} ({O lance} 10. c4
{era mais critico. Possivelmente as pretas teriam continuado} 10... Na6 $5 (
{nao} 10... dxc4 $6 11. Na3 $1 $16) 11. c5 Nxc5 12. bxc5 Bxc5
{com posicao complicada.}) 10... Nh6 $1 11. Bd3 $4
{E dificil entender o que exatamente passou pela cabeca de Peter Svidler. Simplesmente 6 de junho nao era o seu dia.} (
{Talvez} 11. c4 {com boa posicao para os dois lados}) ({outra opcao era} 11. a4
$5 {com a ideia de} 11... Ng4 $2 12. a5) 11... Ng4 $17
{Agora as pretas assumem o controle da critica casa e3.} 12. Qg5 $6
{Esta tentativa perde rapidamente, mas nao ha nada muito bom para as brancas.} (
{Por exemplo,} 12. h3 Be3) ({ou} 12. Qf4 Be3 $5 ({tambem e possivel} 12... h5
13. h3 Be3) 13. Qxg4 Bxc1 14. Qxg7 Rf8 {com clara vantagem para as brancas.})
12... Bb5 $1 13. c4 Bg3 $1
{Svidler abandonou. 14.Dd2 e a unica defesa, mas entao 14...dxc4 destroi a posicao branca.}
0-1

[Event "Sao Jose do Rio Preto"]
[Site "CXC"]
[Date "2002.01.27"]
[Round "7"]
[White "Name, Ricardo"]
[Black "Disconzi da Silva, Rodrigo"]
[Result "0-1"]
[WhiteElo "2225"]
[BlackElo "2415"]
[EventDate "2002.??.??"]
[PlyCount "90"]

1. Nf3 d5 2. d4 c5
{Tentativa de desequilibrar a partida o antes possivel , tratando de desviar as brancas dos sistemas com 3.Bg5 ou Bf4. As posicoes resultantes serao proximas a Defesa tarrasch ou do Gambito de Dama Aceito.}
3. dxc5
{Geralmente esta jogada nao e boa, pois troca um peao central por um lateral e poderia ceder o centro as pretas. Mas a ideia das brancas e tentar transpor para uma Defesa Eslava (que as pretas jogam) com um tempo a mais.}
3... e6 4. c4 (
{Poderia mos comparar outra possibilidade com a seguinte variante: 1.d4 d5 2.c4 dxc4 3.e3 e5.} 
4. e4) 4... Bxc5 5. cxd5 exd5 ({Uma pegadinha seria:} 5... Nf6 6. Nc3 (6. dxe6
{?} 6... Bxf2+) (6. e4 exd5 (6... Nxe4 {?} 7. Qa4+) 7. e5 Ne4) 6... exd5 7. Bg5
Be6) 6. Nc3 ({Levaria a situacoes normais} 6. e3
{com posicao de peao isolado classica.}) 6... d4
{Decisao arriscada, mas que me pareceu apropriada, apos uma breve avaliacao de que mesmo com um atraso no desenvolvimento, as pretas conseguiriam manter sua posicao.} (
{Nao gostei de} 6... Be6 {pois as casas brancas poderiam ficar muito fracas}
7. Ng5 Nf6 8. Nxe6 fxe6 9. e4) ({Tambem e valido o conservador} 6... Nf6 7. Bg5
Be6 8. e3) 7. Ne4 ({A alternativa era} 7. Na4 Bb4+ 8. Bd2 Be7 9. Rc1) 7... Bb4+
8. Bd2 Be7
{As pretas perdem um tempo necessario, pois o peao d4 estava ameacado.} 9. Bg5 (
9. g3) 9... Nc6 10. Bxe7 Ngxe7 11. g3 O-O 12. Bg2
{Este e o primeiro momento importante da partida, no qual as pretas precisam definir um plano de acao. A liberdade de espaco central negra permite varias alternativas, mas em todas elas e preciso levar em conta que as brancas podem rapidamente dominar a posicao bloqueando o Pd4 e logo depois abrir a diagonal g1-a8, utilizar a coluna "c" e pressionar o CC6 com b2-b4-b5.}
12... Qb6
{!? Aqui inicio um plano equivocado, que consiste em "cercar"o Ce4 e tentar debilitar o flanco dama branco com b3 (para enfraquecer a casa c3) ou a3 (debilitando b3). O plano preto nao funcionara e a Dama preta ficara sem sentido em b6.} (
{Talvez um plano mais condizente com o momento fosse fortalecer o centro e tentar trocar o Bf5 pelo Bg2 para enfraquecer o roque branco e diminuir o controle deste bispo no centro. Pressionar e2 tambem deve ser levado em conta, apesar da presenca do Ce7 que tampa a coluna.} 
12... Bf5 13. Nfd2 (13. Neg5 d3 {com iniciativa} 14. O-O {?} 14... dxe2
15. Qxe2 Bd3) (13. Nc5 Qb6 14. Nb3 (14. Qc1 Nb4 15. Nxd4 Rac8) 14... d3
15. exd3 Nb4) 13... d3 {=}) 13. Qd2 h6 {?!} (13... Bf5 14. Nd6 (14. Neg5 d3)
14... Be6 15. O-O {=}) 14. Rc1 Rd8 15. O-O Bf5 ({Ainda igualaria} 15... d3
16. exd3 Nb4 17. d4 Nxa2) 16. Nc5 Rac8 17. Ne1
{Agora as brancas firmam um bloqueio posicional que lhe trara dividendos naturalmente.}
17... Re8 18. Ned3 Rcd8
{Devido a falta de opcoes ativas, decido antecipar uma possivel volta do B a c8 com o remanejamnto das torres.}
19. a3 a6
{Para tentar "desanimar" as brancas do avanco b4-b5, mas este lance acrescenta um outro golpe tatico para as brancas : Cxa6 para capturar em c6.}
20. Qc2 Bc8
{Diante das da posicao, procurei simplesmente passar o controle de tempo no lance 23, reforcando a defesa, para depois tentar algo mais empreendedor.}
21. h3
{Um lance de espera tambem, mas que debilita sem necessidade o flanco rei e escraviza o Bg2 na defesa do Ph3.}
21... Nd5 22. Qc4 Nf6 23. Rfe1 Rd6 24. b4 Nd8 25. Rcd1 (25. Na4 Qb5 26. Qxc8
Qxa4 27. Qb8 {!}) 25... Bf5 26. Nf4 g5 27. Nd5 Nxd5 28. Bxd5 Bxh3 29. Qxd4 Bf5
{Provocando as brancas...} 30. e4 Bg4 31. Rc1 (31. Rd3) 31... Bf3
{Com este, as pretas conseguem algumas chances de dimuniuir o grande dominio central branco.}
32. Qc3 g4 33. Nd3 Ne6 34. Ne5 Ng5
{Quem viu a partida antes, nao acreditaria no que ve agora...} 35. Rc2
{Defende f2 contra Ch3, mas era melhor jogar diretamente Te3 para Txf3.}
35... Rdd8
{Jogada dificil e importante. Aparentemente e um recuo, mas da passagem a Dama branca ao flanco rei e possibilita usar a coluna"c"se possivel.}
36. Re3 Qd6 ({Nao foi facil tentar ver as seguintes linhas:} 36... Nxe4
37. Bxe4 Rd1+ 38. Re1 Rxe1+ (38... Rxe5 39. Rxd1 Rxe4 40. Rdc1) (38... Bxe4
39. Rxd1 Bxc2 40. Nxg4 {!} 40... Bxd1 41. Nf6+) 39. Qxe1 Rxe5 40. Bh7+)
37. Nxf3
{neste momento, os 2 jogadores tinham menos de 4 minutos para completar a partida. Minha ideia inicial era jogar Cxf3 xeque, contra o qual eleprovavelmen te jogaria Txf3 com final dificil para ganhar. Dai entao me ocorreu capturar de peao, para dissuadi-lo do sacrificio de qualidade, pois com um peao em f3 as brancas iriam no minimo pensar 2 vezes antes de trocar a torre . Txf3 serve tanto contra Cxf3 ou gxf3 mas. psicologicamente falando, ha diferenca.}
37... gxf3 38. Rc1 ({Nao havia nade de errado com a captura} 38. Bxb7 Qe6
39. Rc1 Nh3+ 40. Kh2 (40. Kf1 Nf4) 40... Nxf2 41. Rxf3 Nxe4 42. Bxe4 Qxe4
{confuso}) 38... Qg6 39. Rce1 (39. Bxb7 Qh5 40. e5 Nh3+ 41. Kf1 Ng5 (41... Nxf2
42. Kxf2 Rd2+ 43. Qxd2 Qh2+ 44. Kxf3 Qxd2 {confuso}) 42. Bxf3 Nxf3 43. Rxf3
Qh1+ 44. Ke2 Rxe5+ 45. Re3) 39... Qh5 40. Qc4 Re5 {Bloqueando o Pe4 de vez.}
41. Qf1 (41. Rc1 b5 (41... Nh3+ 42. Kf1 Rexd5 (42... Nf4 43. Bxf7+) 43. exd5
Nf4 44. Kg1 {=}) 42. Qb3 (42. Qd3 Nh3+ 43. Kf1 Nf4) 42... Kg7 {com vantagem})
41... Nh3+ 42. Kh2 Nxf2+ 43. Kg1 Nh3+ 44. Kh2 f2 45. R1e2 (45. Qxh3 fxe1=Q
46. Rxe1 Qxh3+ 47. Kxh3 b5 48. Rf1 Rh5+ 49. Kg2 Rd7 50. g4 Rg5 51. Kh3 Kg7
52. Rf5 Rg6 53. Kg3 Rc7 54. Kf4 Rd7 55. Re5 Rdd6 56. Rf5 Rd7 57. Re5 Rdd6
58. Rf5 Rd7 59. Re5) 45... Nf4+ 0-1